| 000 | 00591nam a2200217Ia 4500 | ||
|---|---|---|---|
| 001 | 1430 | ||
| 003 | GE_BSU | ||
| 008 | 181216s||||||||xx |||||||||||||| ||und|| | ||
| 040 | _cGE_BSU | ||
| 080 | _a581(479.223) | ||
| 100 | _aДмитриева,А.А; | ||
| 245 | _aОпределитель растений Аджарии. т1. | ||
| 250 | _a2-е. перер. и доп. изд. | ||
| 260 | _aТбилиси | ||
| 260 | _bМецниереба | ||
| 260 | _c1990 | ||
| 300 | _a328 с. 2 см. | ||
| 541 | _h10 л. | ||
| 653 | _aОпределитель растений | ||
| 942 | _cBK | ||
| 999 |
_c35569 _d35569 |
||